[Event "Vesterhavsturneringen 2004"]
[Site "Esbjerg"]
[Date "2004.07.04"]
[Round "2"]
[White "Lindgaard, Tobias Simon"]
[Black "Fredgaard, Jonathan"]
[Result "0-1"]
[WhiteElo "1000"]
[BlackElo "1563"]
[PlyCount "22"]
[EventDate "2004.??.??"]
[EventType "swiss"]
[EventRounds "9"]
[EventCountry "DEN"]

1. f4 e5 2. fxe5 d6 3. exd6 Bxd6 4. Nf3 Bg4 5. e4 Nd7 6. Nc3 Ne5 7. Be2 Nxf3+
8. gxf3 Qh4+ 9. Kf1 Bg3 10. Kg2 Bh3+ 11. Kg1 Bf2# 0-1

[Event "Vesterhavsturneringen 2004"]
[Site "Esbjerg"]
[Date "2004.07.04"]
[Round "2"]
[White "Madsen, Svend"]
[Black "Bonnelykke, Ole"]
[Result "0-1"]
[WhiteElo "1502"]
[BlackElo "2065"]
[PlyCount "62"]
[EventDate "2004.??.??"]
[EventType "swiss"]
[EventRounds "9"]
[EventCountry "DEN"]

1. e4 Nf6 2. e5 Nd5 3. c4 Nb6 4. d4 d6 5. exd6 exd6 6. b3 Be7 7. Nf3 O-O 8. Be2
Bf6 9. O-O Bg4 10. Bb2 Re8 11. Qc2 Nc6 12. d5 Bxf3 13. Bxf3 Nd4 14. Bxd4 Bxd4
15. Nc3 Nd7 16. Rad1 Bxc3 17. Qxc3 Ne5 18. g3 Nxf3+ 19. Qxf3 Re5 20. Qc3 Qe7
21. Rfe1 Re8 22. Kf1 Re2 23. f3 g5 24. g4 h5 25. gxh5 g4 26. h6 f6 27. Rc1 gxf3
28. h4 Kh8 29. h7 f2 30. Rxe2 Qxe2+ 31. Kg2 f1=Q+ 0-1

[Event "Vesterhavsturneringen 2004"]
[Site "Esbjerg"]
[Date "2004.07.04"]
[Round "2"]
[White "Munksgaard, Dennis"]
[Black "Wilton, Lars"]
[Result "1/2-1/2"]
[WhiteElo "1846"]
[BlackElo "2125"]
[PlyCount "28"]
[EventDate "2004.??.??"]
[EventType "swiss"]
[EventRounds "9"]
[EventCountry "DEN"]

1. e4 d5 2. exd5 Qxd5 3. Nc3 Qd6 4. Nf3 a6 5. Be2 Nf6 6. d4 Nbd7 7. O-O e6 8.
Ng5 c5 9. Be3 cxd4 10. Qxd4 Qxd4 11. Bxd4 h6 12. Nge4 Nxe4 13. Nxe4 f5 14. Bh5+
Kd8 1/2-1/2

[Event "Vesterhavsturneringen 2004"]
[Site "Esbjerg"]
[Date "2004.07.04"]
[Round "2"]
[White "Nielsen, Anders"]
[Black "Jensen, Jonbert"]
[Result "1-0"]
[WhiteElo "1733"]
[BlackElo "1421"]
[PlyCount "107"]
[EventDate "2004.??.??"]
[EventType "swiss"]
[EventRounds "9"]
[EventCountry "DEN"]

1. e4 d6 2. d4 Nf6 3. Nc3 g6 4. Be2 Bg7 5. Be3 O-O 6. Qd2 Nbd7 7. h4 Nb6 8. f3
Nh5 9. Kf2 e5 10. g4 exd4 11. Bxd4 Nf6 12. h5 Be6 13. h6 Bh8 14. g5 Nfd7 15.
Bxh8 Kxh8 16. Qd4+ f6 17. f4 Kg8 18. Nf3 Qe7 19. f5 c5 20. Qd2 Bf7 21. Rag1 Ne5
22. fxg6 Bxg6 23. Nd5 Nxd5 24. Qxd5+ Qf7 25. Qxf7+ Rxf7 26. Nxe5 fxe5+ 27. Ke3
Kh8 28. Bc4 Rf4 29. Bd5 Rb8 30. Rf1 Rbf8 31. Rxf4 exf4+ 32. Kf3 b6 33. Rh4 b5
34. Rxf4 Rxf4+ 35. Kxf4 a5 36. c4 Be8 37. e5 dxe5+ 38. Kxe5 bxc4 39. Bxc4 a4
40. Kd6 Bh5 41. Kxc5 Bd1 42. b3 axb3 43. Bxb3 Bf3 44. a4 Bg4 45. a5 Bc8 46. Kb6
Ba6 47. Bc2 Bf1 48. Be4 Be2 49. a6 Bxa6 50. Kxa6 Kg8 51. Bxh7+ Kxh7 52. Kb6 Kg6
53. Kc6 Kf7 54. Kd6 1-0

[Event "Vesterhavsturneringen 2004"]
[Site "Esbjerg"]
[Date "2004.07.04"]
[Round "2"]
[White "Nielsen, Erling Moller"]
[Black "Rendboe, John Filip"]
[Result "1/2-1/2"]
[WhiteElo "2034"]
[BlackElo "2235"]
[PlyCount "97"]
[EventDate "2004.??.??"]
[EventType "swiss"]
[EventRounds "9"]
[EventCountry "DEN"]

1. d4 Nf6 2. c4 e6 3. Nf3 d5 4. Nc3 Be7 5. Bg5 O-O 6. e3 Ne4 7. Bxe7 Qxe7 8.
cxd5 Nxc3 9. bxc3 exd5 10. Qb3 Rd8 11. c4 dxc4 12. Bxc4 Nc6 13. Qc3 Bg4 14. d5
Bxf3 15. gxf3 Ne5 16. f4 Nxc4 17. Qxc4 c6 18. Rd1 Qd6 19. Rg1 cxd5 20. Qb3 Qe7
21. Rxd5 Rxd5 22. Qxd5 Rd8 23. Qc4 Qd7 24. Qc2 h6 25. f3 Qd3 26. Qxd3 Rxd3 27.
Ke2 Ra3 28. Rc1 Rxa2+ 29. Kd3 Rxh2 30. Rc8+ Kh7 31. Rc7 Rb2 32. Rxf7 Rb3+ 33.
Kd4 Kg6 34. Rf8 h5 35. f5+ Kg5 36. f4+ Kg4 37. f6 gxf6 38. Rxf6 h4 39. Rg6+ Kf3
40. f5 Rxe3 41. Re6 Ra3 42. f6 Ra4+ 43. Ke5 Ra5+ 44. Kd6 Rf5 45. Ke7 h3 46. f7
h2 47. Rh6 Kg2 48. Rg6+ Kf1 49. Rh6 1/2-1/2

[Event "Vesterhavsturneringen 2004"]
[Site "Esbjerg"]
[Date "2004.07.04"]
[Round "2"]
[White "Nielsen, Jorgen Kamp"]
[Black "Pedersen, Jan"]
[Result "0-1"]
[WhiteElo "1291"]
[BlackElo "2393"]
[PlyCount "22"]
[EventDate "2004.??.??"]
[EventType "swiss"]
[EventRounds "9"]
[EventCountry "DEN"]

1. e4 Nf6 2. e5 Nd5 3. d4 d6 4. Nf3 Bg4 5. h3 Bh5 6. Bc4 e6 7. Bb3 Nc6 8. c4
Nb6 9. O-O Bxf3 10. Qxf3 Nxd4 11. Qg3 Ne2+ 0-1

[Event "Vesterhavsturneringen 2004"]
[Site "Esbjerg"]
[Date "2004.07.04"]
[Round "2"]
[White "Nielsen, Nicholas Roland"]
[Black "Sondergaard, Thomas"]
[Result "1-0"]
[WhiteElo "2176"]
[BlackElo "1872"]
[PlyCount "57"]
[EventDate "2004.??.??"]
[EventType "swiss"]
[EventRounds "9"]
[EventCountry "DEN"]

1. e4 c5 2. Nf3 Nc6 3. d4 cxd4 4. Nxd4 Qc7 5. Nc3 e6 6. f4 a6 7. Nxc6 bxc6 8.
Bd3 d5 9. O-O Nf6 10. Kh1 Rb8 11. b3 Bb7 12. Qe1 Be7 13. Bd2 O-O 14. Qg3 c5 15.
exd5 exd5 16. Rae1 Rbd8 17. Qh3 c4 18. Be2 d4 19. Nb1 Ne4 20. Bxc4 Rd6 21. Qd3
Nc5 22. Qe2 Bh4 23. Rd1 Rg6 24. Rf3 Bxf3 25. Qxf3 Re8 26. f5 Rc6 27. Bd5 Rb6
28. Ba5 Qe5 29. Bxb6 1-0

[Event "Vesterhavsturneringen 2004"]
[Site "Esbjerg"]
[Date "2004.07.04"]
[Round "2"]
[White "Nielsen, Patricia"]
[Black "Sorensen, Carsten Klint"]
[Result "0-1"]
[WhiteElo "1291"]
[BlackElo "1707"]
[PlyCount "58"]
[EventDate "2004.??.??"]
[EventType "swiss"]
[EventRounds "9"]
[EventCountry "DEN"]

1. e4 d5 2. exd5 Qxd5 3. Nc3 Qa5 4. d3 e5 5. Bd2 c6 6. Nf3 Bg4 7. Qe2 Nd7 8. h3
Bh5 9. Ne4 Qc7 10. Qe3 Ngf6 11. Be2 Nd5 12. Qg5 Bg6 13. O-O f5 14. Nc3 Be7 15.
Nxd5 cxd5 16. Qe3 d4 17. Nxd4 exd4 18. Qxd4 Bf6 19. Qe3+ Kf7 20. Bf3 Rhe8 21.
Bd5+ Kf8 22. Bb4+ Be7 23. Qe6 Nf6 24. Bc3 Bd6 25. Ba5 b6 26. Qxd6+ Qxd6 27.
Bxa8 bxa5 28. Bf3 Bh5 29. Bxh5 Nxh5 0-1

[Event "Vesterhavsturneringen 2004"]
[Site "Esbjerg"]
[Date "2004.07.04"]
[Round "2"]
[White "Nilsson, Jonas Gosta"]
[Black "Hansen, Mads Kjaer"]
[Result "1-0"]
[WhiteElo "1698"]
[BlackElo "1331"]
[PlyCount "75"]
[EventDate "2004.??.??"]
[EventType "swiss"]
[EventRounds "9"]
[EventCountry "DEN"]

1. e4 c5 2. Nf3 Nc6 3. Bc4 e6 4. O-O d5 5. exd5 exd5 6. Bb5 Bd7 7. d4 a6 8.
Bxc6 Bxc6 9. Re1+ Be7 10. Bg5 f6 11. Bf4 Kf7 12. Nc3 Bd6 13. Bxd6 Qxd6 14. dxc5
Qxc5 15. Qd4 Qxd4 16. Nxd4 Ne7 17. Rad1 Rae8 18. h3 Nc8 19. Kf1 Nd6 20. b3 h6
21. Nf3 Rxe1+ 22. Nxe1 Ke6 23. Nd3 Ne4 24. Nf4+ Kf7 25. Nfxd5 Nxc3 26. Nxc3 Ke7
27. Nd5+ Bxd5 28. Rxd5 Rc8 29. Rd2 Rc6 30. c4 b5 31. cxb5 axb5 32. Ke2 Ke6 33.
Kd3 Ke5 34. Rc2 Rd6+ 35. Ke3 Rd4 36. Rc5+ Rd5 37. Rxd5+ Kxd5 38. a4 1-0

[Event "Vesterhavsturneringen 2004"]
[Site "Esbjerg"]
[Date "2004.07.04"]
[Round "2"]
[White "Noe, Martin"]
[Black "Klos, Bjarne"]
[Result "0-1"]
[WhiteElo "1506"]
[BlackElo "1758"]
[PlyCount "54"]
[EventDate "2004.??.??"]
[EventType "swiss"]
[EventRounds "9"]
[EventCountry "DEN"]

1. e4 e6 2. Nf3 d5 3. exd5 exd5 4. d4 Bd6 5. Bd3 Ne7 6. O-O Nbc6 7. c3 Bg4 8.
h3 Bh5 9. Bg5 f6 10. Bh4 Qd7 11. Nbd2 O-O-O 12. Qc2 g5 13. Bg3 Bg6 14. Nh2 Bxd3
15. Qxd3 h5 16. Rae1 Nf5 17. Bxd6 Nxd6 18. f4 gxf4 19. Rxf4 f5 20. Nhf1 Ne4 21.
Ne3 Ne7 22. Ref1 Rhg8 23. Nxf5 Nxf5 24. Rxf5 Rg3 25. R1f3 Qxf5 26. Rxg3 Qf2+
27. Kh2 Nxg3 0-1

[Event "Vesterhavsturneringen 2004"]
[Site "Esbjerg"]
[Date "2004.07.04"]
[Round "2"]
[White "Pedersen, Lars Wisler"]
[Black "Clausen, Borge"]
[Result "1-0"]
[WhiteElo "1704"]
[BlackElo "1400"]
[PlyCount "55"]
[EventDate "2004.??.??"]
[EventType "swiss"]
[EventRounds "9"]
[EventCountry "DEN"]

1. e4 c5 2. Nf3 d6 3. d4 cxd4 4. Nxd4 Bd7 5. Bc4 Nf6 6. Nc3 a6 7. a4 e6 8. O-O
Be7 9. Be3 O-O 10. Nf3 Nc6 11. Nd4 Qc7 12. f4 e5 13. fxe5 dxe5 14. Nf3 Rad8 15.
Nd5 Nxd5 16. Bxd5 Bg4 17. Qe1 Nb4 18. Bb3 Bc5 19. Ng5 Bxe3+ 20. Qxe3 Bh5 21.
Qh3 Bg6 22. Rxf7 Rxf7 23. Bxf7+ Bxf7 24. Qxh7+ Kf8 25. Rf1 Qb6+ 26. Kh1 Qh6 27.
Rxf7+ Ke8 28. Qg8# 1-0

[Event "Vesterhavsturneringen 2004"]
[Site "Esbjerg"]
[Date "2004.07.04"]
[Round "2"]
[White "Petersen, Martin Reib"]
[Black "Jensen, Henrik Tranberg"]
[Result "0-1"]
[WhiteElo "1783"]
[BlackElo "2035"]
[PlyCount "64"]
[EventDate "2004.??.??"]
[EventType "swiss"]
[EventRounds "9"]
[EventCountry "DEN"]

1. d4 Nf6 2. c4 c5 3. d5 b5 4. cxb5 a6 5. bxa6 Bxa6 6. Nc3 d6 7. e4 Bxf1 8.
Kxf1 g6 9. Be3 Nbd7 10. f3 Bg7 11. Qd2 Qb6 12. Nge2 Ne5 13. b3 O-O 14. g4 Nxf3
15. Qc1 Nxg4 16. Kg2 Nfe5 17. h3 Nxe3+ 18. Qxe3 Rfb8 19. Raf1 c4 20. Qxb6 Rxb6
21. bxc4 Nxc4 22. Rb1 Ra3 23. Rxb6 Nxb6 24. Rc1 Bxc3 25. Nxc3 Na4 26. Nxa4
Rxa2+ 27. Kf3 Rxa4 28. Rc7 Kf8 29. Rc8+ Kg7 30. Re8 Kf6 31. Rh8 h5 32. Kf4 Ra3
0-1

[Event "Vesterhavsturneringen 2004"]
[Site "Esbjerg"]
[Date "2004.07.04"]
[Round "2"]
[White "Petersen, Tom Petri"]
[Black "Rasmussen, Kasper Ammitzboll"]
[Result "1-0"]
[WhiteElo "2202"]
[BlackElo "1896"]
[PlyCount "66"]
[EventDate "2004.??.??"]
[EventType "swiss"]
[EventRounds "9"]
[EventCountry "DEN"]

1. g3 c5 2. Bg2 d5 3. Nf3 Nc6 4. O-O e5 5. d3 Nf6 6. e4 dxe4 7. dxe4 Qxd1 8.
Rxd1 Bg4 9. c3 h6 10. Na3 Nd7 11. Nc4 Rd8 12. Ne3 Be6 13. Nd5 Bd6 14. Be3 Nf6
15. Nxf6+ gxf6 16. Nh4 Ne7 17. Rd2 b6 18. a4 Nc6 19. Rad1 Bf8 20. Rxd8+ Nxd8
21. Bf1 Bd7 22. a5 bxa5 23. Nf5 Ne6 24. f3 h5 25. b3 h4 26. Nxh4 Ng5 27. Be2
Nh3+ 28. Kh1 Bc6 29. Nf5 Ng5 30. Kg2 c4 31. Bxc4 Ba3 32. Bd5 Bxd5 33. Rxd5 Bb2
1-0

[Event "Vesterhavsturneringen 2004"]
[Site "Esbjerg"]
[Date "2004.07.04"]
[Round "2"]
[White "Pontoppidan, Erik"]
[Black "Knudsen, Michael"]
[Result "1-0"]
[WhiteElo "1750"]
[BlackElo "1462"]
[PlyCount "89"]
[EventDate "2004.??.??"]
[EventType "swiss"]
[EventRounds "9"]
[EventCountry "DEN"]

1. d4 d5 2. c4 c6 3. Nf3 Nf6 4. Bg5 e6 5. e3 Be7 6. Nc3 Nbd7 7. Bd3 dxc4 8.
Bxc4 Nb6 9. Bd3 O-O 10. O-O Nfd5 11. Bxe7 Qxe7 12. Rc1 Rd8 13. Ne4 Nd7 14. Qb3
Qb4 15. Qc2 h6 16. a3 Qe7 17. Rfd1 e5 18. dxe5 Nxe5 19. Nxe5 Qxe5 20. Nc5 b6
21. Nb3 Bb7 22. Be4 Rd7 23. Nd4 c5 24. Nf3 Qe7 25. Bf5 Rd6 26. e4 Nf4 27. Rxd6
Qxd6 28. Rd1 Qc6 29. Ne5 Qb5 30. Nc4 Ba6 31. b3 Qc6 32. Rd6 Qe8 33. Qd2 Ng6 34.
Qd5 Nf4 35. Qd2 Ng6 36. Bxg6 fxg6 37. Qd5+ Kh7 38. Ne5 Qb5 39. h3 Qf1+ 40. Kh2
Qxf2 41. Rxg6 Qf4+ 42. Rg3 Re8 43. Ng6 Qxe4 44. Nf8+ Kh8 45. Qf7 1-0

[Event "Vesterhavsturneringen 2004"]
[Site "Esbjerg"]
[Date "2004.07.04"]
[Round "2"]
[White "Porsgaard, Per Lykke"]
[Black "Svendsen, Mads O"]
[Result "0-1"]
[WhiteElo "1462"]
[BlackElo "1744"]
[PlyCount "120"]
[EventDate "2004.??.??"]
[EventType "swiss"]
[EventRounds "9"]
[EventCountry "DEN"]

1. d4 d5 2. c4 c6 3. Nf3 Nf6 4. Nc3 e6 5. e3 Nbd7 6. Bd3 dxc4 7. Bxc4 b5 8. Bb3
Bb7 9. O-O Be7 10. a3 O-O 11. e4 a6 12. e5 Nd5 13. Ne4 c5 14. Bg5 cxd4 15. Qxd4
h6 16. Bxe7 Qxe7 17. Nd6 N7b6 18. Nd2 f5 19. f4 Rad8 20. Rf3 Ba8 21. Raf1 Nc8
22. Nxc8 Rxc8 23. Rg3 Qc5 24. Qxc5 Rxc5 25. Rg6 Kf7 26. Rg3 Rfc8 27. Rff3 a5
28. Bxd5 Bxd5 29. Rc3 Rxc3 30. Rxc3 Rxc3 31. bxc3 g5 32. g3 gxf4 33. gxf4 Kg6
34. Kf2 Kh5 35. Kg3 a4 36. h4 Kg6 37. Nf1 Bc4 38. Ne3 Bd3 39. Kf3 Kf7 40. h5
Ke7 41. Kf2 Kd7 42. Ng2 Kc6 43. Ne3 Kc5 44. Ke1 Be4 45. Kf2 Bc6 46. Kg3 Be8 47.
Kh4 Bf7 48. Kh3 Bxh5 49. Kh4 Bf7 50. Kh3 b4 51. cxb4+ Kd4 52. Nd1 Bh5 53. Nb2
Be8 54. Kh4 Kc3 55. Nxa4+ Bxa4 56. Kh5 Kd4 57. Kxh6 Ke4 58. Kg5 Bd7 59. Kf6
Kxf4 60. b5 Bxb5 0-1

[Event "Vesterhavsturneringen 2004"]
[Site "Esbjerg"]
[Date "2004.07.04"]
[Round "2"]
[White "Poulsen, Iver"]
[Black "Agger, Lars Breinholt"]
[Result "1-0"]
[WhiteElo "2084"]
[BlackElo "1836"]
[PlyCount "67"]
[EventDate "2004.??.??"]
[EventType "swiss"]
[EventRounds "9"]
[EventCountry "DEN"]

1. e4 c5 2. Nf3 d6 3. d4 cxd4 4. Nxd4 Nf6 5. Nc3 a6 6. Be3 Nc6 7. f3 e6 8. Qd2
d5 9. exd5 exd5 10. O-O-O Bb4 11. a3 Bxc3 12. Qxc3 Qd6 13. g4 O-O 14. Qd2 Bd7
15. Nb3 Rfe8 16. Bf4 Qe7 17. Bd3 Rac8 18. Rhe1 Qd8 19. Nc5 Na5 20. Qb4 Bc6 21.
Bf5 Rxe1 22. Rxe1 Ra8 23. Rd1 b5 24. Qd4 Qe8 25. Bd2 Nc4 26. Re1 Qf8 27. Bg5
Qd6 28. Bf4 Qd8 29. Rd1 Qe8 30. Bg5 Qd8 31. Ne4 dxe4 32. Qxd8+ Rxd8 33. Rxd8+
Ne8 34. Bxe4 1-0

[Event "Vesterhavsturneringen 2004"]
[Site "Esbjerg"]
[Date "2004.07.04"]
[Round "2"]
[White "Roerholt, Carsten"]
[Black "Larsen, Peter Elkjaer"]
[Result "0-1"]
[WhiteElo "1618"]
[BlackElo "1901"]
[PlyCount "44"]
[EventDate "2004.??.??"]
[EventType "swiss"]
[EventRounds "9"]
[EventCountry "DEN"]

1. e4 c5 2. Nf3 d6 3. d4 cxd4 4. Nxd4 Nf6 5. Nc3 a6 6. Be3 e6 7. Be2 b5 8. a3
Bb7 9. f3 Nbd7 10. Qd2 Be7 11. Nb3 O-O 12. g4 Nb6 13. g5 Nfd7 14. Na5 Qc7 15.
Nxb7 Qxb7 16. h4 Ne5 17. b3 Rac8 18. h5 Qc7 19. Bxb6 Qxb6 20. f4 Nd7 21. Bd3
Qd4 22. e5 Qxc3 0-1

[Event "Vesterhavsturneringen 2004"]
[Site "Esbjerg"]
[Date "2004.07.04"]
[Round "2"]
[White "Rosenberg, Jan"]
[Black "Skovgaard, Peter Nicolai"]
[Result "0-1"]
[WhiteElo "1786"]
[BlackElo "2045"]
[PlyCount "66"]
[EventDate "2004.??.??"]
[EventType "swiss"]
[EventRounds "9"]
[EventCountry "DEN"]

1. e4 c5 2. c3 Nf6 3. e5 Nd5 4. Nf3 e6 5. Bc4 Nc6 6. O-O d6 7. d4 cxd4 8. cxd4
Nb6 9. Bb3 dxe5 10. dxe5 Qc7 11. Qe2 Bc5 12. Rd1 O-O 13. Nc3 Rd8 14. Bg5 Nd4
15. Nxd4 Rxd4 16. Nb5 Rxd1+ 17. Rxd1 Qc6 18. Rd8+ Bf8 19. Bc2 Bd7 20. Rxa8 Nxa8
21. Qd3 g6 22. Nc3 Nb6 23. Qh3 Nd5 24. Be4 Qc7 25. Bxd5 exd5 26. Qe3 Be6 27.
Bf6 Qc4 28. b3 Qb4 29. Qc1 d4 30. Ne4 d3 31. Nd6 d2 32. Qd1 Qd4 33. Nxb7 Bg4
0-1

[Event "Vesterhavsturneringen 2004"]
[Site "Esbjerg"]
[Date "2004.07.04"]
[Round "2"]
[White "Sandbech, Ted"]
[Black "Carlstedt, Jonathan"]
[Result "1/2-1/2"]
[WhiteElo "1613"]
[BlackElo "2009"]
[PlyCount "32"]
[EventDate "2004.??.??"]
[EventType "swiss"]
[EventRounds "9"]
[EventCountry "DEN"]

1. Nf3 c5 2. e4 d6 3. Bb5+ Bd7 4. Bxd7+ Qxd7 5. O-O Nf6 6. Nc3 g6 7. d3 Bg7 8.
e5 dxe5 9. Nxe5 Qc7 10. Re1 Nfd7 11. Nd5 Qd6 12. Nxd7 Qxd5 13. Nxb8 Rxb8 14.
Bf4 Rd8 15. Qe2 e6 16. Qe4 Qxe4 1/2-1/2

[Event "Vesterhavsturneringen 2004"]
[Site "Esbjerg"]
[Date "2004.07.04"]
[Round "2"]
[White "Schandorff, Lars"]
[Black "Jensen, Leif"]
[Result "1-0"]
[WhiteElo "2505"]
[BlackElo "2057"]
[PlyCount "57"]
[EventDate "2004.??.??"]
[EventType "swiss"]
[EventRounds "9"]
[EventCountry "DEN"]

1. Nf3 d5 2. d4 Nf6 3. c4 c6 4. e3 e6 5. Bd3 Bd6 6. O-O O-O 7. Nc3 Nbd7 8. e4
dxe4 9. Nxe4 Nxe4 10. Bxe4 Nf6 11. Bc2 h6 12. b3 Qc7 13. Bb2 Rd8 14. Qe2 b6 15.
Rad1 Bb7 16. Bb1 c5 17. d5 exd5 18. Bxf6 gxf6 19. Qd3 d4 20. Qh7+ Kf8 21. Rfe1
Be5 22. Nxe5 fxe5 23. Qh8+ Ke7 24. Rxe5+ Kd7 25. Bf5+ Kc6 26. Qf6+ Rd6 27. Be4+
Kd7 28. Qxf7+ Kc8 29. Re7 1-0

[Event "Vesterhavsturneringen 2004"]
[Site "Esbjerg"]
[Date "2004.07.04"]
[Round "2"]
[White "Sedlak, Nikola"]
[Black "Leimand, Peter Martin"]
[Result "1-0"]
[WhiteElo "2519"]
[BlackElo "2074"]
[PlyCount "101"]
[EventDate "2004.??.??"]
[EventType "swiss"]
[EventRounds "9"]
[EventCountry "DEN"]

1. e4 e6 2. d4 d5 3. Nc3 Bb4 4. e5 c5 5. a3 Bxc3+ 6. bxc3 Ne7 7. Nf3 O-O 8. Bd3
h6 9. g4 b6 10. g5 h5 11. g6 fxg6 12. Nh4 Ba6 13. Bxa6 Nxa6 14. Bg5 Rf5 15.
Nxf5 exf5 16. Rg1 Nc7 17. Bxe7 Qxe7 18. Rxg6 Qh4 19. Qd3 Qxh2 20. Ke2 Rf8 21.
Qf3 Qh4 22. Rag1 Rf7 23. e6 Re7 24. Qxf5 Qe4+ 25. Qxe4 dxe4 26. Ke3 Nxe6 27. d5
Nf8 28. R6g5 Rf7 29. Kxe4 Nh7 30. Rf5 Nf6+ 31. Kd3 Kh7 32. c4 g6 33. Rf4 Kh6
34. a4 g5 35. Rf5 g4 36. f3 Kg6 37. fxg4 hxg4 38. Rgf1 a5 39. R5f2 Kg5 40. Rxf6
Rxf6 41. Rxf6 Kxf6 42. Ke4 Kg5 43. c3 g3 44. Kf3 Kf5 45. Kxg3 Kg5 46. Kh3 Kf5
47. Kh4 Ke5 48. Kg5 b5 49. cxb5 Kxd5 50. Kf6 c4 51. Ke7 1-0

[Event "Vesterhavsturneringen 2004"]
[Site "Esbjerg"]
[Date "2004.07.04"]
[Round "2"]
[White "Sig, Preben"]
[Black "Hoiberg, Erling"]
[Result "0-1"]
[WhiteElo "1800"]
[BlackElo "2135"]
[PlyCount "106"]
[EventDate "2004.??.??"]
[EventType "swiss"]
[EventRounds "9"]
[EventCountry "DEN"]

1. e4 c6 2. d4 d5 3. exd5 cxd5 4. Bd3 Nc6 5. c3 g6 6. Bf4 Nh6 7. h4 f6 8. Qd2
Nf7 9. Nf3 e5 10. dxe5 fxe5 11. Bg5 Be7 12. Bxe7 Qxe7 13. Ng5 Nxg5 14. hxg5 O-O
15. Na3 Be6 16. O-O-O e4 17. Bc2 Qc5 18. Rdf1 Rf7 19. b4 Qb6 20. Bb3 Ne5 21. f3
Rc8 22. fxe4 Qxb4 23. Kb2 Qxe4 24. Bc2 Nc4+ 25. Nxc4 Qxc4 26. Rxf7 Bxf7 27. Bb3
Qb5 28. Re1 a5 29. Qd4 Qc5 30. Qxc5 Rxc5 31. Re7 b5 32. Re5 a4 33. Bd1 a3+ 34.
Kxa3 Rxc3+ 35. Kb4 d4 36. Bb3 Bxb3 37. axb3 Rg3 38. Rxb5 Rxg2 39. Rd5 Kf7 40.
Rd7+ Ke6 41. Rxh7 Kd5 42. Rd7+ Ke4 43. Re7+ Kd3 44. Rh7 Kc2 45. Rc7+ Kd2 46.
Ra7 Rxg5 47. Kc4 d3 48. Ra2+ Ke3 49. b4 d2 50. Ra1 Ke2 51. b5 d1=Q 52. Rxd1
Kxd1 53. b6 Rf5 0-1

[Event "Vesterhavsturneringen 2004"]
[Site "Esbjerg"]
[Date "2004.07.04"]
[Round "2"]
[White "Skytte, Rasmus"]
[Black "Stovring, Claus"]
[Result "1-0"]
[WhiteElo "2403"]
[BlackElo "1975"]
[PlyCount "53"]
[EventDate "2004.??.??"]
[EventType "swiss"]
[EventRounds "9"]
[EventCountry "DEN"]

1. e4 e5 2. Nf3 Nf6 3. Nxe5 d6 4. Nf3 Nxe4 5. Nc3 Nxc3 6. dxc3 Be7 7. Bf4 Nd7
8. Qd2 Nf6 9. O-O-O O-O 10. Bd3 Be6 11. Nd4 Nd5 12. Bg3 c6 13. c4 Nf6 14. Rhe1
Bd7 15. Kb1 d5 16. Nf3 Bg4 17. Qf4 Re8 18. cxd5 Bxf3 19. Qxf3 Nxd5 20. c4 Qb6
21. cxd5 Bf6 22. Re2 cxd5 23. Red2 Rad8 24. Qg4 Qa5 25. Bh4 Re1 26. Bxf6 Re6
27. Bf1 1-0

[Event "Vesterhavsturneringen 2004"]
[Site "Esbjerg"]
[Date "2004.07.04"]
[Round "2"]
[White "Stephensen, Mikkel"]
[Black "Madsen, Simon Rise"]
[Result "1-0"]
[WhiteElo "1648"]
[BlackElo "1250"]
[PlyCount "44"]
[EventDate "2004.??.??"]
[EventType "swiss"]
[EventRounds "9"]
[EventCountry "DEN"]

1. d4 d5 2. c4 e6 3. Nf3 Nf6 4. Nc3 Be7 5. e3 b6 6. b3 Bb4 7. Bd2 Bxc3 8. Bxc3
Ne4 9. Bb2 Qd6 10. a3 Nd7 11. Bd3 c5 12. Qc2 Bb7 13. dxc5 Ndxc5 14. Bxg7 Rg8
15. Be5 Qd7 16. Rg1 O-O-O 17. cxd5 Bxd5 18. b4 Ba8 19. Ba6+ Qb7 20. Bxb7+ Kxb7
21. Qb1 Nd3+ 22. Ke2 Nc3+ 1-0

[Event "Vesterhavsturneringen 2004"]
[Site "Esbjerg"]
[Date "2004.07.04"]
[Round "2"]
[White "Svensson, Sven"]
[Black "Jacobsen, Jacob"]
[Result "1-0"]
[WhiteElo "2117"]
[BlackElo "1825"]
[PlyCount "93"]
[EventDate "2004.??.??"]
[EventType "swiss"]
[EventRounds "9"]
[EventCountry "DEN"]

1. d4 d5 2. c4 c6 3. Nf3 e6 4. cxd5 exd5 5. Qc2 Nf6 6. Bg5 Qa5+ 7. Bd2 Bb4 8.
Nc3 Bxc3 9. Bxc3 Qb6 10. e3 Bg4 11. Ne5 Be6 12. Bd3 Nbd7 13. f4 Nxe5 14. fxe5
Ng4 15. Qd2 Qd8 16. O-O Qg5 17. Rf3 h5 18. h3 Nh6 19. Qf2 h4 20. Be1 g6 21.
Qxh4 Qxh4 22. Bxh4 Nf5 23. Bf6 Rg8 24. g4 Ng7 25. b4 a6 26. Kg2 Kd7 27. Kg3 Ne8
28. Bg5 Nc7 29. Rff1 Nb5 30. Rfc1 Na3 31. h4 b5 32. Rc3 Nc4 33. a4 Nb6 34. axb5
axb5 35. Rca3 Rxa3 36. Rxa3 Ra8 37. Rxa8 Nxa8 38. h5 Ke8 39. h6 Kf8 40. Bd8 Kg8
41. Kh4 Kh7 42. Kg5 Bd7 43. Be2 Be6 44. Bf3 Kg8 45. Kf6 Kh7 46. g5 Kg8 47. e4
1-0

[Event "Vesterhavsturneringen 2004"]
[Site "Esbjerg"]
[Date "2004.07.04"]
[Round "3"]
[White "Aagaard, Kasper Bek"]
[Black "Klitaa, Ib"]
[Result "1-0"]
[WhiteElo "1452"]
[BlackElo "1633"]
[PlyCount "49"]
[EventDate "2004.??.??"]
[EventType "swiss"]
[EventRounds "9"]
[EventCountry "DEN"]

1. e4 c6 2. d4 e6 3. c4 d5 4. Nc3 Bb4 5. Bd3 h6 6. a3 Bxc3+ 7. bxc3 dxe4 8.
Bxe4 Nf6 9. Bc2 Nbd7 10. Bf4 Nb6 11. Qd3 Qe7 12. Nf3 Nh5 13. Be5 Nf6 14. c5
Nbd5 15. c4 Nc7 16. Bd6 Qd8 17. Ne5 Bd7 18. Qg3 g5 19. h4 Na6 20. hxg5 Ng8 21.
g6 Qa5+ 22. Ke2 Nf6 23. gxf7+ Kd8 24. Rxh6 Rxh6 25. f8=Q+ 1-0

[Event "Vesterhavsturneringen 2004"]
[Site "Esbjerg"]
[Date "2004.07.04"]
[Round "3"]
[White "Agger, Lars Breinholt"]
[Black "Leutenberger, Kevin"]
[Result "0-1"]
[WhiteElo "1836"]
[BlackElo "1669"]
[PlyCount "54"]
[EventDate "2004.??.??"]
[EventType "swiss"]
[EventRounds "9"]
[EventCountry "DEN"]

1. e4 c5 2. Nf3 e6 3. d4 cxd4 4. Nxd4 Nf6 5. Nc3 Nc6 6. Be3 Bb4 7. Bd3 d5 8.
exd5 exd5 9. O-O O-O 10. Nxc6 bxc6 11. Bg5 Rb8 12. Ne2 Bc5 13. Rb1 Bg4 14. c3
Re8 15. Qc2 Bxe2 16. Bxe2 Qd6 17. Bf3 Ne4 18. Bh4 f5 19. Rbd1 Qh6 20. g3 g5 21.
Qc1 f4 22. c4 gxh4 23. cxd5 hxg3 24. hxg3 Bxf2+ 25. Rxf2 Nxf2 26. Rd4 Qg5 27.
g4 Qh4 0-1

[Event "Vesterhavsturneringen 2004"]
[Site "Esbjerg"]
[Date "2004.07.04"]
[Round "3"]
[White "Andersen, Hans Jorgen"]
[Black "Pedersen, Lars Wisler"]
[Result "1-0"]
[WhiteElo "2060"]
[BlackElo "1704"]
[PlyCount "93"]
[EventDate "2004.??.??"]
[EventType "swiss"]
[EventRounds "9"]
[EventCountry "DEN"]

1. e4 c5 2. Nf3 Nc6 3. d4 cxd4 4. Nxd4 e5 5. Nb5 a6 6. Nd6+ Bxd6 7. Qxd6 Qf6 8.
Qxf6 Nxf6 9. Nc3 Nb4 10. Bd3 d5 11. exd5 Nxd3+ 12. cxd3 Bf5 13. O-O O-O-O 14.
Re1 Rhe8 15. Bg5 Bxd3 16. Rac1 Kd7 17. Na4 e4 18. Nc5+ Ke7 19. Nxd3 Rxd5 20.
Bxf6+ Kxf6 21. Nc5 g6 22. Nxe4+ Kg7 23. Nc3 Rxe1+ 24. Rxe1 Rd2 25. Re2 Rd7 26.
f4 f5 27. g3 Kf6 28. Kf2 h6 29. Ke3 g5 30. Rd2 Re7+ 31. Kf3 g4+ 32. Kf2 Kg6 33.
Rd6+ Kg7 34. Ne2 h5 35. Nd4 Kf7 36. Nxf5 Rc7 37. Ne3 Rc1 38. Rh6 Rb1 39. Rh7+
Ke6 40. Rxb7 Rh1 41. Rb6+ Kd7 42. Rxa6 Rxh2+ 43. Ng2 h4 44. gxh4 Rh3 45. Ra3
Rh1 46. Re3 Rb1 47. Re2 1-0